Sports Quiz

Random Sports or Basketball Quiz

NBA 1st Rounders' Colleges Quiz Stats

 Plays Quiz Updated Jul 20, 2018

Challenge
Share
Tweet
Embed
Score 0/45 Timer 05:00
38 Plays Today
# Picks College % Correct
45Duke
95.4%
48North Carolina
95%
39UCLA
90.3%
48Kentucky
89.7%
11Florida
87.9%
17Texas
87.4%
26Michigan
84.9%
32Kansas
83.8%
19Georgia Tech
80.7%
23Ohio State
80.5%
21Michigan State
80%
15Missouri
74%
24Syracuse
73.1%
25Indiana
72.5%
22Arizona
70.9%
20Connecticut
68.3%
11Southern California
67.6%
13Georgetown
66.5%
14Washington
65.2%
12Oregon
64.1%
12Florida State
63.4%
15LSU
61.9%
15Illinois
60.3%
# Picks College % Correct
10Wisconsin
57.6%
24Louisville
57.6%
19Maryland
57%
17North Carolina State
56.3%
15Alabama
56%
14Wake Forest
55.2%
10California
54.3%
14Villanova
49.7%
20Notre Dame
49.1%
13Memphis
48.7%
15UNLV
46.5%
13Arkansas
44.5%
13Stanford
43.6%
16St. John's
43.4%
13Utah
42.9%
16Minnesota
42.5%
14Purdue
40.8%
13Oregon State
35.9%
10Boston College
30.2%
11Cincinnati
28.5%
12DePaul
21.1%
11Seton Hall
16.8%

You're not logged in!

Compare scores with friends on all Sporcle quizzes.
OR
Log In

You Might Also Like...

Show Comments

Extras

Top Quizzes Today


Score Distribution

Your Account Isn't Verified!

In order to create a playlist on Sporcle, you need to verify the email address you used during registration. Go to your Sporcle Settings to finish the process.

Report this User

Report this user for behavior that violates our Community Guidelines.

Details: